000 00554nam a2200205Ia 4500
005 20250508165456.0
008 008 250505s9999 xx 000 0 eng d
020 _a978-93-5002-307-5
037 _aTextual
040 _aFEDL
_beng
_cFEDL
041 _aeng
_2eng
084 _a320.152, DAS
_qFEDL
100 _aDas Saitya Brata Ed.
_9780952
245 0 _aPolitics and religion
260 _aDelhi, India
_bAakar Books
_c2014
300 _a195p.
365 _aINR
_b495
942 _cTEXL
_h320.152, DAS
999 _c1395319
_d1395319